| 000 | 01065nam a2200313 i 4500 | ||
|---|---|---|---|
| 001 | 16313 | ||
| 003 | DO-SdUEMH | ||
| 005 | 20260129210239.0 | ||
| 007 | ta | ||
| 008 | 211105s2007||||dr |||gr|||| 0|| | spa d | ||
| 020 | _a | ||
| 040 |
_aDO-SdUEMH _bspa _erda |
||
| 041 | _aspa | ||
| 082 | 1 | 4 |
_aRD347.06 G633P 2007 _mRD _bG633 |
| 084 | _b08-00316 | ||
| 100 | 1 |
_aGOMEZ GERALDINO, ALEXIS A. _eaut |
|
| 245 | 0 |
_aPrueba Laboral y Prueba Civil Estudio Comparativo / _cAlexis A. Gómez Geraldino |
|
| 250 | _aSegunda edición | ||
| 260 | _c2007 | ||
| 264 | 1 |
_aSanto Domingo, República Dominicana : _bJurídicas Trajano Potentini, _c2007 |
|
| 264 | 4 | _c©2007 | |
| 300 |
_axiii, 173 páginas : _c20 cm. |
||
| 336 |
_2rdacontent _atexto _btxt |
||
| 337 |
_2rdamedia _asin mediación _bn |
||
| 338 |
_2rdacarrier _avolumen _bnc |
||
| 505 | 2 | _aConcepto y clasificación de la prueba -- Principios generales de la prueba -- Medios de prueba -- Características del testimonio en materia civil y laboral -- Consideraciones finales. | |
| 942 |
_2ddc _cBK _n0 |
||
| 999 |
_c16313 _d16313 |
||